<?xml version="1.0" encoding="UTF-8"?>
<record
    xmlns:xsi="http://www.w3.org/2001/XMLSchema-instance"
    xsi:schemaLocation="http://www.loc.gov/MARC21/slim http://www.loc.gov/standards/marcxml/schema/MARC21slim.xsd"
    xmlns="http://www.loc.gov/MARC21/slim">

  <leader>00998nam a22002537a 4500</leader>
  <controlfield tag="005">20170123164157.0</controlfield>
  <datafield tag="010" ind1=" " ind2=" ">
    <subfield code="a">B-065814</subfield>
  </datafield>
  <datafield tag="020" ind1=" " ind2=" ">
    <subfield code="c">140.00</subfield>
    <subfield code="a">8175991259</subfield>
  </datafield>
  <datafield tag="035" ind1=" " ind2=" ">
    <subfield code="a">B-065814</subfield>
  </datafield>
  <datafield tag="037" ind1=" " ind2=" ">
    <subfield code="b">Cen Lib/Ret</subfield>
  </datafield>
  <datafield tag="040" ind1=" " ind2=" ">
    <subfield code="a">DPL</subfield>
    <subfield code="b">PN</subfield>
  </datafield>
  <datafield tag="082" ind1=" " ind2=" ">
    <subfield code="a">910 .4</subfield>
    <subfield code="b">&#xA38;&#xA24;&#xA3F;&#xA06;</subfield>
  </datafield>
  <datafield tag="100" ind1=" " ind2=" ">
    <subfield code="a">&#xA38;&#xA24;&#xA3F;&#xA06;&#xA30;&#xA25;&#xA40;, &#xA26;&#xA47;&#xA35;&#xA3F;&#xA70;&#xA26;&#xA30;</subfield>
    <subfield code="9">133883</subfield>
  </datafield>
  <datafield tag="245" ind1=" " ind2=" ">
    <subfield code="a">&#xA2E;&#xA47;&#xA30;&#xA47; &#xA38;&#xA2B;&#xA3C;&#xA30; &#xA26;&#xA40;&#xA06;&#xA02; &#xA2F;&#xA3E;&#xA26;&#xA3E;&#xA02; /</subfield>
    <subfield code="c">&#xA26;&#xA47;&#xA35;&#xA3F;&#xA70;&#xA26;&#xA30; &#xA38;&#xA24;&#xA3F;&#xA06;&#xA30;&#xA25;&#xA40;</subfield>
  </datafield>
  <datafield tag="246" ind1=" " ind2=" ">
    <subfield code="a">Mera rusi safarname /</subfield>
    <subfield code="b">by Balraj Sahani</subfield>
  </datafield>
  <datafield tag="260" ind1=" " ind2=" ">
    <subfield code="a">&#xA28;&#xA35;&#xA40;&#xA02; &#xA26;&#xA3F;&#xA71;&#xA32;&#xA40;</subfield>
    <subfield code="b">&#xA28;&#xA35;&#xA2F;&#xA41;&#xA17; &#xA2A;&#xA2C;&#xA32;&#xA3F;&#xA38;&#xA3C;&#xA30;&#xA1C;&#xA3C;</subfield>
  </datafield>
  <datafield tag="270" ind1=" " ind2=" ">
    <subfield code="a">k-24, &#xA39;&#xA4B;&#xA1C;&#xA3C; &#xA16;&#xA3C;&#xA3E;&#xA38;&#xA3C; </subfield>
    <subfield code="b">&#xA28;&#xA35;&#xA40;&#xA02; &#xA26;&#xA3F;&#xA71;&#xA32;&#xA40;</subfield>
    <subfield code="e">110016</subfield>
  </datafield>
  <datafield tag="300" ind1=" " ind2=" ">
    <subfield code="a">149p ; </subfield>
    <subfield code="c">20cm</subfield>
  </datafield>
  <datafield tag="650" ind1=" " ind2=" ">
    <subfield code="a"> &#xA2D;&#xA3E;&#xA30;&#xA24; &#xA28;&#xA42;&#xA70; -- &#xA35;&#xA47;&#xA30;&#xA35;&#xA3E; &#xA05;&#xA24;&#xA47; &#xA2F;&#xA3E;&#xA24;&#xA30;&#xA3E;</subfield>
    <subfield code="9">133884</subfield>
  </datafield>
  <datafield tag="650" ind1=" " ind2=" ">
    <subfield code="a">&#xA2F;&#xA3E;&#xA24;&#xA30;&#xA3E;</subfield>
    <subfield code="9">133885</subfield>
  </datafield>
  <datafield tag="650" ind1=" " ind2=" ">
    <subfield code="a">India -- Description and travel</subfield>
    <subfield code="9">26587</subfield>
  </datafield>
  <datafield tag="650" ind1=" " ind2=" ">
    <subfield code="a"> travel</subfield>
    <subfield code="9">25007</subfield>
  </datafield>
  <datafield tag="942" ind1=" " ind2=" ">
    <subfield code="2">ddc</subfield>
    <subfield code="c">PN</subfield>
    <subfield code="h">910.4</subfield>
    <subfield code="m">&#xA38;&#xA24;&#xA3F;&#xA06;</subfield>
  </datafield>
  <datafield tag="999" ind1=" " ind2=" ">
    <subfield code="c">110782</subfield>
    <subfield code="d">110782</subfield>
  </datafield>
  <datafield tag="952" ind1=" " ind2=" ">
    <subfield code="0">0</subfield>
    <subfield code="1">0</subfield>
    <subfield code="4">0</subfield>
    <subfield code="7">0</subfield>
    <subfield code="a">L</subfield>
    <subfield code="b">L</subfield>
    <subfield code="d">2016-02-08</subfield>
    <subfield code="e">Cen Lib/Ret</subfield>
    <subfield code="g">140.00</subfield>
    <subfield code="l">0</subfield>
    <subfield code="o">910 .4 &#xA38;&#xA24;&#xA3F;&#xA06;</subfield>
    <subfield code="p">B-065814</subfield>
    <subfield code="r">2016-02-08 00:00:00</subfield>
    <subfield code="t">1</subfield>
    <subfield code="v">140.00</subfield>
    <subfield code="w">2016-02-08</subfield>
    <subfield code="y">PN</subfield>
  </datafield>
</record>
